Vývoj peněžních příjmů a výdajů obyvatelstva.
Štatistické údaje o vývoji a prírastku peňažných príjmov a výdavkov v roku 1989 a 1990 v ČSFR.
Na minha lista:
| Formato: | Capítulo de Livro |
|---|---|
| Idioma: | tcheco |
| Assuntos: | |
| Tags: |
Sem tags, seja o primeiro a adicionar uma tag!
|
MARC
| LEADER | 00000naa a2200000 4500 | ||
|---|---|---|---|
| 001 | r002202 | ||
| 005 | 20220819181229.9 | ||
| 041 | 0 | |a cze | |
| 044 | |a [CS] | ||
| 245 | 1 | 0 | |a Vývoj peněžních příjmů a výdajů obyvatelstva. |
| 520 | |a Štatistické údaje o vývoji a prírastku peňažných príjmov a výdavkov v roku 1989 a 1990 v ČSFR. | ||
| 610 | 2 | 0 | |a príjmy obyvateľstva |
| 610 | 2 | 0 | |a výdavky obyvateľstva |
| 610 | 2 | 0 | |a ČSFR |
| 610 | 2 | 0 | |a 1989-1990 |
| 610 | 2 | 0 | |a údaje štatistické |